Statistics for Big Brother 18 Cast

Click here to take the quiz!

General Stats

  • This quiz has been taken 86 times
  • The average score is 13 of 16

Answer Stats

Houseguest% Correct
Nicole
95%
Paul
95%
James
92%
Paulie
90%
Victor
85%
Corey
83%
Da'Vonne
81%
Frank
80%
Michelle
80%
Natalie
78%
Glenn
76%
Jozea
75%
Bridgette
73%
Bronte
73%
Tiffany
73%
Zakiyah
69%

Score Distribution

Percentile by Number Answered

Percent of People with Each Score

Your Score History

You have not taken this quiz